Statistics for Top 100 UK Baby Girls' Names in 1850

Click here to take the quiz!

General Stats

  • This quiz has been taken 7,257 times
  • The average score is 26 of 100

Answer Stats

# Name % Correct
7Eliza
94%
1Mary
91%
2Elizabeth
90%
4Ann
84%
5Jane
69%
20Catherine
66%
23Anne
62%
3Sarah
60%
9Margaret
60%
37Anna
58%
11Emily
53%
6Emma
52%
18Charlotte
52%
15Maria
49%
52Rose
49%
26Susan
48%
46Kate
42%
84Isabel
42%
48Helen
42%
38Rachel
41%
58Laura
39%
43Ruth
39%
10Hannah
39%
28Rebecca
38%
13Alice
37%
34Julia
36%
19Caroline
36%
24Lucy
34%
12Martha
32%
55Betty
32%
73Barbara
31%
62Amy
31%
45Grace
31%
21Frances
30%
14Harriet
29%
40Sophia
29%
22Isabella
29%
89Janet
29%
30Eleanor
27%
49Nancy
27%
8Ellen
26%
63Dorothy
26%
16Louisa
26%
56Edith
25%
25Amelia
24%
47Annie
24%
74Florence
24%
95Joanna
24%
27Esther
23%
81Georgina
22%
60Rosa
21%
99Deborah
21%
98Sally
20%
96Helena
20%
32Clara
20%
50Henrietta
19%
39Lydia
17%
79Marian
17%
41Susanna
17%
33Agnes
16%
97Bertha
15%
80Leah
15%
31Matilda
14%
82Naomi
14%
17Fanny
13%
42Betsy
13%
51Phoebe
12%
67Ada
12%
61Bridget
11%
86Rachael
10%
35Catharine
10%
83Miriam
10%
71Adelaide
9%
57Priscilla
8%
59Jessie
8%
29Susannah
8%
90Angelina
8%
36Harriett
8%
54Jemima
7%
70Georgiana
7%
69Harriot
7%
75Hester
6%
77Ellin
6%
92Augusta
6%
64Dinah
6%
91Thirza
5%
65Lavinia
5%
87Kezia
5%
94Harriott
5%
66Rhoda
5%
93Letitia
4%
78Rosanna
4%
44Selina
4%
53Betsey
4%
68Rosina
4%
72Phebe
4%
85Rosetta
4%
76Christiana
4%
88Mercy
4%
100Jennet
3%

Score Distribution

Percentile by Number Answered

Percent of People with Each Score

Your Score History

You have not taken this quiz